| 000 | 00644nam a2200193 a 4500 | ||
|---|---|---|---|
| 005 | 20250619063850.0 | ||
| 008 | 060802s1990 mx r 000 0 spa d | ||
| 020 | _a9686063056 | ||
| 035 | _aUPN01000145922 | ||
| 049 | _aCG | ||
| 050 | 4 |
_aML3534 _bM6.4 |
|
| 100 | 1 |
_aMorales Corona, Mariano, _d1955- _932401 |
|
| 245 | 1 | 0 |
_aLocutopía : _bcrónica, poesía y música del rock / _cMariano Morales. |
| 260 |
_aMéxico : _bAlebrije : _bUniversidad Autónoma de Sinaloa : _bUniversidad Autónoma de Zacatecas, _c1990. |
||
| 300 | _a212 p. | ||
| 440 | 0 |
_aArcano ; _v17 |
|
| 650 | 4 |
_aMúsica rock _zMéxico _xHistoria y crítica _94432 |
|
| 905 | _aLibro | ||
| 999 |
_c118068 _d118068 |
||